Footballers Last Names #1 - Statistics

General Stats
  • This quiz has been taken 336 times
  • The average score is 13 of 15
Answer Stats
Nation First Name Last Name % Correct
Belgium Kevin de Bruyne
98%
Norway Erling Haaland
97%
Netherlands Virgil van Dijk
94%
Portugal Bruno Fernandes
93%
England Phil Foden
92%
Poland Robert Lewandowski
92%
Argentina Lautaro Martínez
91%
Colombia James Rodríguez
91%
Germany Joshua Kimmich
88%
Switzerland Granit Xhaka
88%
France Lucas Hernández
82%
Italy Ciro Immobile
82%
France Ferland Mendy
80%
Spain Kepa Arrizabalaga
71%
Turkey Hakan Çalhanoğlu
66%
No matching quizzes found
Score Distribution
Percent of People with Each Score
Percentile by Number Answered
Your Score History
You have not taken this quiz